000 00620nam a2200217 i 4500
001 82181
003 ES-MaACL
005 20250911062830.0
007 t|
008 041129s2004 sp ||||1| spa d
020 _a84-7522-558-6
080 _a821.134.2-14"19"
100 1 _aOliván, Lorenzo.
_986746
245 1 0 _aLibro de los elementos /
_cLorenzo Oliván.
260 _aMadrid :
_bVisor Libros,
_c[2004]
300 _a78 p. ;
_c20 cm.
490 1 _aColección Visor de poesía ;
_v558
830 0 _aColección Visor de poesía
_v558
_9177331
852 _aES-MaACL
_jL-28533
_bR.134161
999 _c82181
_d82181